000 01798 a2200157 4500
999 _c26762
_d26762
020 _a9781316638514
082 _a340.1
_bTAM-R
100 _aTamanaha , Brian Z.
245 _aA Realistic Theory Of Law
260 _bCambridge University Press
_c2017
300 _a208,,pp.
520 _aThis book articulates an empirically grounded theory of law applicable throughout history and across different societies. Unlike natural law theory or analytical jurisprudence, which are narrow, abstract, ahistorical, and detached from society, Tamanaha's theory presents a holistic vision of law within society, evolving in connection with social, cultural, economic, political, ecological, and technological factors. He revives a largely forgotten theoretical perspective on law that runs from Montesquieu through the legal realists to the present. This book explains why the classic question 'what is law?' has never been resolved, and casts doubt on theorists' claims about necessary and universal truths about law. This book develops a theory of law as a social institution with varying forms and functions, tracing law from hunter-gatherer societies to the modern state and beyond. Tamanaha's theory accounts for social influences on law, legal influences on society, law and domination, multifunctional governmental uses of law, legal pluralism, international law, and other legal aspects largely overlooked in jurisprudence. Presents the only contemporary version of a holistic theory of law within society An excellent resource to learn a great deal about legal theory from a social scientific perspective Traces the development of law and society, providing an account of the transformation of modern law
650 _aLaw--Philosophy
650 _aSociological jurisprudence
942 _2ddc
_cBK